000 00621nam a2200229Ia 4500
003 OSt
005 20220928104343.0
006 a|||||r|||| 00| 0
007 ta
008 220927b |||||||| |||| 00| 0 eng d
024 _a34165
037 _cTextual
040 _aSDCL
_cSDCL
_beng
041 _2eng
_aeng
082 _aX9(F555).1'N8, M3
100 _aTurner Louis
_9406795
245 0 _aOil companies in the international system
260 _aLondon
_bGeorge Allen &Unwin
_c1983
300 _a279p
_ccm.
942 _hX9(F555).1'N8, M3
_cTEXL
_2CC
999 _c725665
_d725665